Histoires
Tallennettuna:
| Päätekijä: | |
|---|---|
| Aineistotyyppi: | Kirja |
| Kieli: | ranska |
| Julkaistu: |
París
Le Liivre de Poche
1963
|
| Aiheet: | |
| Tagit: |
Lisää tagi
Ei tageja, Lisää ensimmäinen tagi!
|
MARC
| LEADER | 00000cam a2200000 a 4500 | ||
|---|---|---|---|
| 001 | UCF8633 | ||
| 003 | CL-VaPUC | ||
| 008 | 130930e19630000fr |||||||||||||||||fre|d | ||
| 082 | 0 | 4 | |a 937 |b TAC |2 21 |
| 100 | |a Tácito, Cornelio |e author |9 438184 | ||
| 245 | 1 | 0 | |a Histoires |
| 300 | |a 448 p | ||
| 942 | |c BK | ||
| 945 | |d 20130930 13:19:00 |a dcastane | ||
| 260 | |a París |b Le Liivre de Poche |c 1963 | ||
| 650 | 0 | |a Historia de Roma |9 315349 | |
| 650 | 0 | |a Investigación histórica |9 344844 | |
| 651 | 0 | |a Roma |9 255106 | |
| 583 | |a last modification |c 20130930 13:19:00 |k Rodrigo Vera | ||
| 999 | |c 353200 |d 353198 | ||
| 952 | |0 0 |1 0 |3 erd |4 0 |6 937_000000000000000_TAC_1963 |7 0 |8 A |9 458279 |a BIBHIS |b BIBHIS |d 2019-11-23 |i 500232K |o 937 TAC 1963 |p 500232K |r 2025-01-20 |w 2019-11-23 |y BK |z Catalogado en:20130930 |k HIS | ||